000 00309nam a22001337a 4500
008 170622b xxu||||| |||| 00| 0 eng d
020 _a0134801458
041 _aeng
080 _22ND
_a343.9
100 _a13
101 _aSHJ
245 _aINTRODUCTION TO CRIMINAL JUSTICE
_cCHAMELIN, N.C
942 _2udc
_cBK
999 _c18821
_d18821